01030cam a22002417a 4500003000500000005001700005008004100022010001000063011001000073035001000083040000900093082002100102110008600123245017400209260010300383300001000486410007600496490004200572650002600614650003000640810007600670830004200746CHAP20220817043641.0000329d199? mx r 00110 spa d a80591 a81563 a92036 cCHAP04a378bM53 1997-982 aMéxico. Coordinación Nacional para la Planeación de la Educación Superior10aOpciones educativas de nivel superior 1997-1998 :bzona metropolitana de la Cd. de Méxicoc/por Coordinación Nacional para la Planeación de la Educación Superior a(México, D.F.) :bCoordinación Nacional para la Planeación de la Educación Superior,c199? a96 p.2 aCoordinación Nacional para la Planeación de la Educación Superior 0aColección : orientación educativa14aEducación superior.14aOrientación vocacional.00aCoordinación Nacional para la Planeación de la Educación Superior00aColección : orientación educativa